000 01143nam a2200289 i 4500
003 DO-SdBNP
005 20230417094033.0
006 a|||||r|||| 00| 0
007 ta
008 230417t1953 mx ab||gr|||| 000 u spa d
040 _aDO-SdBNP
_bspa
_cBNPHU
082 4 _222
_bN527b
245 _aBreve historia de los Estados Unidos :
_bbiografía de un pueblo libre. /
_cAllan Nevins y Henry Steele Commager; traducción del inglés, Florentino M. Torner
246 1 1 _aThe pocket history of the United States :
_bthe story of a free people.
264 3 0 _aNazas, México :
_bCGE,
_c1953
300 _a464 páginas :
_bilustraciones, mapas ;
_c20 cm.
336 _2rdaconten
_atexto
_btext
337 _2rdamedia
_asin medición
_bn
338 _2rdacarrier
_avolumen
_bnc
500 _a(Texto especialmente revisado por los autores para esta edición.)
533 _aTexto
_bMéxico, D. F.
_cImprenta Nuevo Mundo, Mexico D: F.
_d1953
590 _aInventariado 2023 / MF
700 1 _94390
_aCommager, Henry Steele
700 1 _945232
_aTorner, Florentino M.
_etraductor
710 _acompañía General de Ediciones
_983262
942 _2ddc
_cLBS1
999 _c53272
_d53272